[Event "3.Nord-West-Cup"]
[Site "?"]
[Date "2001.02.01"]
[Round "1"]
[White "Gutman, Lev"]
[Black "Kyeck, Christopher"]
[Result "1-0"]
[WhiteElo "2547"]
[BlackElo "1911"]
[PlyCount "65"]

1. Nf3 d5 2. g3 Nf6 3. Bg2 c6 4. O-O g6 5. d3 Bg7 6. Qe1 Nbd7 7. e4 dxe4 8.
dxe4 e5 9. Nbd2 O-O 10. Nc4 Qc7 11. Bd2 b5 12. Ba5 Qb8 13. Ncd2 Re8 14. c4 Ba6
15. b3 Qd6 16. Qe3 Qc5 17. Qc3 Bf8 18. b4 Qd6 19. c5 Qb8 20. Rfd1 Qb7 21. Rac1
Rac8 22. Bh3 h5 23. Ng5 Bh6 24. Ndf3 Bxg5 25. Nxg5 Re7 26. Rd6 Kg7 27. Rcd1
Rce8 28. Qf3 Ng4 29. Bxg4 hxg4 30. Qxg4 Nf6 31. Rxf6 Kxf6 32. Bd8 Rh8 33. Rd7
1-0

[Event "3.Nord-West-Cup"]
[Site "?"]
[Date "2001.02.01"]
[Round "1"]
[White "Mader, Sascha"]
[Black "Miezis, Normunds"]
[Result "0-1"]
[WhiteElo "1910"]
[BlackElo "2524"]
[PlyCount "80"]

1. e4 c5 2. Ne2 e5 3. Nbc3 Nc6 4. g3 g6 5. Bg2 Bg7 6. O-O Nge7 7. f4 d6 8. d3
O-O 9. h3 Be6 10. Nd5 exf4 11. Ndxf4 Bd7 12. c3 b5 13. Kh2 Rb8 14. d4 b4 15.
Be3 bxc3 16. bxc3 cxd4 17. cxd4 Qa5 18. Nd3 Qa6 19. Bg5 f6 20. Be3 Na5 21. Nef4
Nc4 22. Bg1 Rfc8 23. e5 fxe5 24. Nd5 Nxd5 25. Bxd5+ Kh8 26. Rf7 Bc6 27. Be6 Rf8
28. Rxf8+ Rxf8 29. Nb4 Qb5 30. Nxc6 Qxc6 31. dxe5 Nxe5 32. Bd5 Qd7 33. Rb1 a5
34. Rb7 Qf5 35. Bd4 h5 36. Qb1 Qg5 37. Qd3 h4 38. g4 Nxg4+ 39. hxg4 Qf4+ 40.
Kg1 Bxd4+ 0-1

[Event "3.Nord-West-Cup"]
[Site "?"]
[Date "2001.02.01"]
[Round "1"]
[White "Pikula, Dejan"]
[Black "Maschler, Andreas"]
[Result "1-0"]
[WhiteElo "2507"]
[BlackElo "1910"]
[PlyCount "69"]

1. e4 e6 2. d3 d5 3. Qe2 Be7 4. Nf3 c5 5. g3 Nc6 6. Bg2 Nf6 7. O-O O-O 8. c3
Qb6 9. Re1 dxe4 10. dxe4 e5 11. Nbd2 Qc7 12. h3 Rd8 13. Nh4 g6 14. Nf1 Be6 15.
Nf3 Qd7 16. Ng5 Ne8 17. Nxe6 Qxe6 18. Ne3 Nc7 19. h4 Qd7 20. Qf3 Bf8 21. Ng4
Ne8 22. Bg5 Rdc8 23. Bh3 Qc7 24. Rad1 Nd8 25. Rd5 Ne6 26. Nxe5 Nxg5 27. hxg5
Rd8 28. Red1 Rxd5 29. Rxd5 Nd6 30. Nd7 Nc4 31. Nf6+ Kh8 32. Nd7 Bd6 33. b3 Nb6
34. Nxb6 axb6 35. Qf6+ 1-0

[Event "3.Nord-West-Cup"]
[Site "?"]
[Date "2001.02.01"]
[Round "1"]
[White "Holle, Elmar"]
[Black "Lanka, Zigurds"]
[Result "0-1"]
[WhiteElo "1888"]
[BlackElo "2504"]
[PlyCount "98"]

1. f4 g6 2. Nf3 Bg7 3. g3 d5 4. Bg2 c6 5. d4 Nf6 6. O-O Bf5 7. c3 Nbd7 8. Ne5
Be4 9. Nd2 Bxg2 10. Kxg2 O-O 11. Ndf3 Ne4 12. Nxd7 Qxd7 13. Ne5 Bxe5 14. fxe5
f6 15. exf6 exf6 16. Qd3 h5 17. Rf4 Rae8 18. Bd2 Kg7 19. Raf1 Re6 20. Bc1 Rfe8
21. e3 b6 22. Kg1 Rh8 23. Qe2 c5 24. Qf3 cxd4 25. exd4 Rhe8 26. h4 f5 27. Qd3
Nf6 28. R4f2 Ng4 29. Rg2 Re4 30. Bf4 R8e6 31. Rd2 Kh7 32. a3 b5 33. Bg5 Qe8 34.
Qf3 Qc6 35. Qd3 a5 36. Bf4 Re3 37. Qc2 R6e4 38. Bxe3 Nxe3 39. Qd3 Nxf1 40. Kxf1
f4 41. Qf3 b4 42. axb4 axb4 43. gxf4 Qf6 44. f5 Kh6 45. Rg2 Qxh4 46. Rxg6+ Kh7
47. Qg3 Qh1+ 48. Qg1 Qf3+ 49. Qf2 Qd1+ 0-1

[Event "3.Nord-West-Cup"]
[Site "?"]
[Date "2001.02.01"]
[Round "1"]
[White "Mainka, Romuald"]
[Black "Schneider, Andreas"]
[Result "1-0"]
[WhiteElo "2482"]
[BlackElo "1880"]
[PlyCount "65"]

1. e4 c5 2. Nf3 e6 3. c4 a6 4. Nc3 d6 5. d4 cxd4 6. Nxd4 Nf6 7. Be2 Be7 8. O-O
O-O 9. f4 Nc6 10. Be3 Bd7 11. Kh1 Qc7 12. Rc1 Rfd8 13. Qe1 b6 14. Qg3 Ne8 15.
Nb3 Rab8 16. Nd5 exd5 17. cxd5 Qb7 18. dxc6 Bxc6 19. e5 dxe5 20. fxe5 Nc7 21.
Nd4 Bd5 22. Nf5 Ne8 23. Nh6+ Kf8 24. Nxf7 Bxf7 25. Bc4 Nf6 26. exf6 Bxf6 27.
Rxf6 gxf6 28. Bh6+ Ke8 29. Re1+ Kd7 30. Bxf7 Qc6 31. h3 f5 32. Be6+ Qxe6 33.
Qg7+ 1-0

[Event "3.Nord-West-Cup"]
[Site "?"]
[Date "2001.02.01"]
[Round "1"]
[White "Meijers, Viesturs"]
[Black "Bauland, Thomas"]
[Result "1-0"]
[WhiteElo "2478"]
[BlackElo "1830"]
[PlyCount "69"]

1. e4 d5 2. exd5 Qxd5 3. d4 Nf6 4. Nf3 Bf5 5. Nc3 Qa5 6. Bd3 e6 7. O-O c6 8.
Re1 Nbd7 9. Ne5 Bxd3 10. Qxd3 Nxe5 11. dxe5 Nd5 12. Rd1 Rd8 13. Bg5 Be7 14. Ne4
Bxg5 15. Nxg5 h6 16. Ne4 O-O 17. Nd6 Qc7 18. c4 Ne7 19. Rd2 c5 20. Rad1 Nc6 21.
Qe4 Rb8 22. f4 a6 23. h3 Qe7 24. Rd3 Rfd8 25. Rg3 Rd7 26. Rdd3 Rbd8 27. Qe2 Kh7
28. Qg4 Rg8 29. Ne4 Rdd8 30. Qh5 Rdf8 31. Rxg7+ Kxg7 32. Nf6 Qxf6 33. exf6+
Kxf6 34. Qxh6+ Ke7 35. Qh4+ 1-0

[Event "3.Nord-West-Cup"]
[Site "?"]
[Date "2001.02.01"]
[Round "1"]
[White "Kerski, Bjoern-Ole"]
[Black "Enders, Peter"]
[Result "0-1"]
[WhiteElo "1827"]
[BlackElo "2475"]
[PlyCount "114"]

1. d4 Nf6 2. c4 g6 3. Nc3 Bg7 4. e4 d6 5. Be2 O-O 6. Bg5 c5 7. d5 e6 8. Qd2
exd5 9. exd5 Re8 10. Nf3 Bg4 11. O-O Nbd7 12. Rfe1 Qb6 13. h3 Bxf3 14. Bxf3 h5
15. Bf4 a6 16. Rab1 Rxe1+ 17. Rxe1 Re8 18. Rxe8+ Nxe8 19. b3 Be5 20. Ne4 Bxf4
21. Qxf4 Kg7 22. Be2 Ndf6 23. Nc3 Qa5 24. Qd2 h4 25. Ne4 Qxd2 26. Nxd2 Kh6 27.
Bd3 Ng7 28. g4 hxg3 29. fxg3 Nd7 30. Kf2 Ne5 31. Bc2 f5 32. Nf3 Ne8 33. Nxe5
dxe5 34. b4 b6 35. bxc5 bxc5 36. Ke3 Nd6 37. Bd3 Kg5 38. Be2 Kf6 39. Bd3 g5 40.
h4 gxh4 41. gxh4 e4 42. Be2 Ke5 43. h5 f4+ 44. Kf2 Kf5 45. Kg1 f3 46. Bf1 e3
47. Bh3+ Kg5 48. h6 Kxh6 49. Bg4 f2+ 50. Kf1 Kg5 51. Bh3 Kf4 52. Ke2 Nxc4 53.
Bf1 Nd6 54. Bh3 c4 55. Bf1 a5 56. Bh3 c3 57. Kd3 c2 0-1

[Event "3.Nord-West-Cup"]
[Site "?"]
[Date "2001.02.01"]
[Round "1"]
[White "Gaprindashvili, Valerian"]
[Black "Hurrle, Juergen"]
[Result "1-0"]
[WhiteElo "2459"]
[BlackElo "1823"]
[PlyCount "45"]

1. d4 d5 2. c4 e6 3. Nc3 Nf6 4. Bg5 Be7 5. e3 a6 6. Nf3 b6 7. Rc1 Bb7 8. cxd5
Nxd5 9. Nxd5 Bxd5 10. Bxe7 Qxe7 11. Bd3 h6 12. O-O O-O 13. Rc3 Rc8 14. Qe2 Bb7
15. Rfc1 c6 16. Be4 f5 17. Bb1 Nd7 18. e4 f4 19. e5 c5 20. dxc5 Nxc5 21. b4 Nd7
22. Rxc8+ Bxc8 23. Qe4 1-0

[Event "3.Nord-West-Cup"]
[Site "?"]
[Date "2001.02.01"]
[Round "1"]
[White "Spittel, Olaf"]
[Black "Tseitlin, Mikhail S"]
[Result "0-1"]
[WhiteElo "1815"]
[BlackElo "2431"]
[PlyCount "66"]

1. Nf3 Nf6 2. c4 g6 3. g3 Bg7 4. Bg2 c6 5. d4 O-O 6. O-O d6 7. Nc3 Qa5 8. Qc2
Qh5 9. Bg5 Bg4 10. h4 h6 11. Bxf6 Bxf6 12. Qd3 Na6 13. a3 Rad8 14. e4 e5 15. b4
exd4 16. Ne2 g5 17. Kh2 Nc7 18. Rh1 Ne6 19. Kg1 Qg6 20. hxg5 hxg5 21. Rd1 Rfe8
22. Nh2 Bxe2 23. Qxe2 Kg7 24. Bh3 Nc7 25. Re1 d5 26. Bf5 Qxf5 27. exf5 Rxe2 28.
Rxe2 d3 29. Ra2 dxc4 30. Nf3 c3 31. Kf1 Nb5 32. Ke1 g4 33. Nh2 c2 0-1

[Event "3.Nord-West-Cup"]
[Site "?"]
[Date "2001.02.01"]
[Round "1"]
[White "Meins, Gerlef"]
[Black "Leppert, Hans-Juergen"]
[Result "1-0"]
[WhiteElo "2426"]
[BlackElo "1804"]
[PlyCount "67"]

1. d4 g6 2. e4 c6 3. c4 Bg7 4. Nc3 d6 5. Be3 a6 6. a4 Nf6 7. h3 Qa5 8. Bd3 Nbd7
9. Nf3 e5 10. O-O O-O 11. Qb1 Qc7 12. a5 exd4 13. Bxd4 Ne5 14. Nxe5 dxe5 15.
Bb6 Qe7 16. Na4 Nd7 17. Be3 Re8 18. Rd1 Bf8 19. Be2 h5 20. Ra3 Qb4 21. c5 Nxc5
22. Nxc5 Bxc5 23. Bd2 Bxf2+ 24. Kxf2 Qc5+ 25. Be3 Qe7 26. b4 Qh4+ 27. Kg1 Qg3
28. Bc1 Qh4 29. Bc4 g5 30. Rf3 Be6 31. Bxe6 Rxe6 32. Be3 g4 33. Bf2 Qg5 34. Rf5
1-0

[Event "3.Nord-West-Cup"]
[Site "?"]
[Date "2001.02.01"]
[Round "1"]
[White "Fehsenfeld, Frithjof"]
[Black "Hoffmann, Alexander"]
[Result "0-1"]
[WhiteElo "1797"]
[BlackElo "2421"]
[PlyCount "60"]

1. d4 Nf6 2. Nf3 g6 3. c4 Bg7 4. Nc3 O-O 5. Bg5 d6 6. e3 Nbd7 7. Be2 c6 8. O-O
h6 9. Bh4 g5 10. Bg3 Nh5 11. Qc2 Nxg3 12. hxg3 a6 13. Rad1 b5 14. b3 b4 15. Ne4
a5 16. Bd3 Qc7 17. Qe2 f5 18. Ned2 e5 19. dxe5 dxe5 20. e4 f4 21. gxf4 Rxf4 22.
Qe3 Bf8 23. g3 Bc5 24. Qe2 Rf7 25. Nh2 Nf6 26. Kh1 Bh3 27. Rfe1 Qd7 28. Ndf1
Ng4 29. Nxg4 Bxg4 30. Qc2 Bf3+ 0-1

[Event "3.Nord-West-Cup"]
[Site "?"]
[Date "2001.02.01"]
[Round "1"]
[White "Lingnau, Carsten"]
[Black "Boehme, Arne"]
[Result "1-0"]
[WhiteElo "2421"]
[BlackElo "1796"]
[PlyCount "113"]

1. Nf3 d5 2. d4 Nf6 3. c4 e6 4. g3 c5 5. cxd5 exd5 6. Bg2 Nc6 7. O-O Be7 8. Nc3
O-O 9. Bg5 h6 10. Bxf6 Bxf6 11. dxc5 Qa5 12. Rc1 Bxc3 13. Rxc3 Qxa2 14. Qd2 Be6
15. Ra3 Qc4 16. Rc1 Qb5 17. e3 Rfd8 18. Nd4 Nxd4 19. exd4 a6 20. Rcc3 Qd7 21.
Rcb3 Rac8 22. Rb6 Rc7 23. Rab3 Rb8 24. Rxa6 Bh3 25. Rab6 Ra8 26. Ra3 Rcc8 27.
Bxh3 Qxh3 28. Rxb7 Qf5 29. Qf4 Qg6 30. Rxa8 Rxa8 31. Rb8+ Rxb8 32. Qxb8+ Kh7
33. Qe5 Qb1+ 34. Kg2 f5 35. Qxd5 Kg6 36. c6 Qc2 37. b4 Kh5 38. b5 Kg4 39. Qf3+
Kg5 40. b6 h5 41. b7 Qb1 42. Qf4+ Kg6 43. b8=Q Qc2 44. Qbd6+ Kh7 45. d5 g5 46.
Qxf5+ Qxf5 47. Qd7+ Kg6 48. Qxf5+ Kxf5 49. c7 h4 50. c8=Q+ Ke4 51. d6 h3+ 52.
Kf1 g4 53. d7 Kf3 54. Qc3+ Ke4 55. Qe3+ Kf5 56. f3 Kg6 57. d8=Q 1-0

[Event "3.Nord-West-Cup"]
[Site "?"]
[Date "2001.02.01"]
[Round "1"]
[White "Papenfuss, Kai"]
[Black "Jugelt, Tobias"]
[Result "0-1"]
[WhiteElo "1789"]
[BlackElo "2386"]
[PlyCount "52"]

1. e4 Nf6 2. Nc3 d5 3. e5 Ne4 4. Nce2 d4 5. c3 dxc3 6. bxc3 Nc5 7. Nf4 e6 8. d4
Nca6 9. Nf3 c5 10. Bb5+ Bd7 11. Bxd7+ Qxd7 12. O-O cxd4 13. cxd4 Nb4 14. Qb3
N8c6 15. d5 Nxd5 16. Nxd5 exd5 17. Rd1 Rd8 18. Bb2 Bc5 19. e6 fxe6 20. Ng5 O-O
21. Qh3 g6 22. Ne4 Be7 23. Qh6 e5 24. Rd3 Qf5 25. Rh3 Rf7 26. Nd2 Bg5 0-1

[Event "3.Nord-West-Cup"]
[Site "?"]
[Date "2001.02.01"]
[Round "1"]
[White "Khamrakulov, Ibragim S"]
[Black "Schneider, Alexander"]
[Result "1-0"]
[WhiteElo "2359"]
[BlackElo "1090"]
[PlyCount "27"]

1. e4 e5 2. Nf3 Nc6 3. d4 f6 4. Bc4 exd4 5. Nxd4 Ne5 6. Bb3 Bc5 7. f4 Ng6 8.
Nf5 N8e7 9. Nxg7+ Kf8 10. Ne6+ dxe6 11. Qxd8+ Kg7 12. Qd3 Nc6 13. Nc3 Rd8 14.
Qg3 1-0

[Event "3.Nord-West-Cup"]
[Site "?"]
[Date "2001.02.01"]
[Round "1"]
[White "Schneider, Florian"]
[Black "Hermann, Manfred"]
[Result "0-1"]
[WhiteElo "1768"]
[BlackElo "2351"]
[PlyCount "56"]

1. e4 e5 2. f4 exf4 3. Nf3 Be7 4. Nc3 Bh4+ 5. Ke2 d6 6. d4 Bg4 7. Bxf4 Nc6 8.
Qd3 Nge7 9. a3 Ng6 10. Be3 O-O 11. Kd2 Bxf3 12. gxf3 Bg5 13. Nd5 Bxe3+ 14. Qxe3
Nce7 15. Nxe7+ Qxe7 16. Bd3 Qf6 17. Rag1 c5 18. c3 cxd4 19. cxd4 Rfe8 20. Rg4
Qe6 21. Qe2 Rac8 22. h4 Qb3 23. Ke3 f5 24. Rg2 fxe4 25. fxe4 Rxe4+ 26. Kxe4
Re8+ 27. Kf5 Rxe2 28. Bxe2 Qd5+ 0-1

[Event "3.Nord-West-Cup"]
[Site "?"]
[Date "2001.02.01"]
[Round "1"]
[White "Nikolic, Stanimir"]
[Black "Mengler, Marc"]
[Result "1-0"]
[WhiteElo "2348"]
[BlackElo "1765"]
[PlyCount "45"]

1. Nf3 Nf6 2. d4 g6 3. Nc3 c5 4. d5 d6 5. e4 Bg7 6. h3 O-O 7. Be2 a6 8. a4 Qc7
9. O-O Rd8 10. Re1 h6 11. Bf4 Nh5 12. Bh2 Qb6 13. Qc1 e5 14. Nd2 Nf6 15. Nc4
Qc7 16. f4 Nfd7 17. fxe5 Nxe5 18. Bxe5 Bxe5 19. Nxe5 dxe5 20. Qxh6 Rd6 21. Rf1
Bd7 22. Qg5 Kg7 23. Qxe5+ 1-0

[Event "3.Nord-West-Cup"]
[Site "?"]
[Date "2001.02.01"]
[Round "1"]
[White "Haase, Sven"]
[Black "Hedke, Fred"]
[Result "0-1"]
[WhiteElo "1760"]
[BlackElo "2347"]
[PlyCount "74"]

1. e4 e5 2. f4 d5 3. Nf3 exf4 4. exd5 Nf6 5. d4 Nxd5 6. Bc4 Be6 7. Bxd5 Bxd5 8.
Bxf4 Be7 9. O-O O-O 10. Nc3 Bc4 11. Rf2 Nd7 12. b3 Bb4 13. bxc4 Bxc3 14. Rb1 c5
15. Bd6 Re8 16. dxc5 Rc8 17. Rb3 Bf6 18. Rd2 Qa5 19. Rxb7 Nf8 20. Bxf8 Rxf8 21.
Rdd7 a6 22. Qd6 Qxc5+ 23. Qxc5 Rxc5 24. Rdc7 Ra5 25. c5 Rxa2 26. Ra7 h5 27. c6
Rxc2 28. Rxa6 Rb8 29. Rb7 Rc8 30. Rbb6 Rd8 31. h4 Re8 32. Rb7 Rc8 33. Raa7
R8xc6 34. Rxf7 Re6 35. Kf1 Ree2 36. Ng5 Rf2+ 37. Ke1 Bc3+ 0-1

[Event "3.Nord-West-Cup"]
[Site "?"]
[Date "2001.02.01"]
[Round "1"]
[White "Vasiljevic, Dragan"]
[Black "Walter, Stefan"]
[Result "1/2-1/2"]
[WhiteElo "2339"]
[BlackElo "1758"]
[PlyCount "50"]

1. d4 f5 2. Nf3 Nf6 3. Bf4 g6 4. e3 Bg7 5. Bc4 e6 6. h3 O-O 7. Nc3 d5 8. Bb3 c6
9. O-O b6 10. Ne2 Bb7 11. c4 Qe7 12. Rc1 Nbd7 13. Ne5 Rac8 14. Bg5 Qe8 15. Nd3
Ne4 16. Bf4 Qe7 17. f3 Nd6 18. c5 Nf7 19. Ba4 bxc5 20. Nxc5 Nxc5 21. Rxc5 e5
22. Bg3 exd4 23. exd4 Ba6 24. Rc2 Bxe2 25. Rxe2 Bxd4+ 1/2-1/2

[Event "3.Nord-West-Cup"]
[Site "?"]
[Date "2001.02.01"]
[Round "1"]
[White "Wetjen, Siegfried"]
[Black "Wippermann, Till"]
[Result "0-1"]
[WhiteElo "1757"]
[BlackElo "2306"]
[PlyCount "66"]

1. d4 g6 2. c4 Bg7 3. Nc3 c5 4. e3 d6 5. Nf3 Nc6 6. dxc5 Bxc3+ 7. bxc3 dxc5 8.
Qxd8+ Nxd8 9. e4 Nc6 10. Bf4 Nf6 11. Bd3 Bg4 12. Ne5 Nxe5 13. Bxe5 O-O-O 14.
Bxf6 exf6 15. Be2 Bxe2 16. Kxe2 Rhe8 17. f3 f5 18. Rad1 fxe4 19. Rxd8+ Kxd8 20.
f4 Ke7 21. Rb1 b6 22. a4 Rd8 23. a5 Rd3 24. axb6 axb6 25. Rb3 Kd7 26. Ra3 Kc6
27. Rb3 f5 28. h4 Rd8 29. Ra3 Kb7 30. Ra2 Ra8 31. Rd2 Kc6 32. g4 fxg4 33. Ke3
Ra4 0-1

[Event "3.Nord-West-Cup"]
[Site "?"]
[Date "2001.02.01"]
[Round "1"]
[White "Wolter, Kai"]
[Black "Lammers, Markus"]
[Result "1-0"]
[WhiteElo "2286"]
[BlackElo "1747"]
[PlyCount "99"]

1. e4 c5 2. Nf3 e6 3. d4 cxd4 4. Nxd4 Nc6 5. Nc3 Qc7 6. Be3 a6 7. Be2 b5 8.
Nxc6 dxc6 9. a3 c5 10. O-O Bb7 11. f4 Nf6 12. e5 Nd5 13. Nxd5 Bxd5 14. c4 bxc4
15. Qc2 Qb7 16. Bxc4 Be7 17. Bxd5 Qxd5 18. Rfd1 Qc6 19. b4 Rc8 20. Rac1 c4 21.
Rd4 c3 22. Rd3 f6 23. Rxc3 Qxc3 24. Qxc3 Rxc3 25. Rxc3 Kd7 26. exf6 gxf6 27.
Kf2 Rc8 28. Rxc8 Kxc8 29. Ke2 Kc7 30. Kd3 h5 31. Kc4 Bd6 32. a4 f5 33. b5 Kb7
34. g3 Bc7 35. Bc5 Bb8 36. a5 Bc7 37. Bb4 Bd8 38. Bc3 Be7 39. h4 Bd8 40. bxa6+
Kxa6 41. Kc5 e5 42. fxe5 f4 43. gxf4 Bxh4 44. Kd5 Bd8 45. f5 h4 46. Ke4 Kb5 47.
f6 Kc6 48. Kf3 Kd5 49. Kg4 Ke6 50. Kxh4 1-0

[Event "3.Nord-West-Cup"]
[Site "?"]
[Date "2001.02.01"]
[Round "1"]
[White "Pericic, Boris"]
[Black "Jobava, Baadur"]
[Result "0-1"]
[WhiteElo "1866"]
[BlackElo "2480"]
[PlyCount "56"]

1. d4 Nf6 2. c4 g6 3. Nc3 Bg7 4. e4 d6 5. Be2 O-O 6. Nf3 e5 7. O-O Nbd7 8. dxe5
dxe5 9. Bg5 c6 10. Kh1 h6 11. Bc1 Qc7 12. Rb1 Nc5 13. Nd2 a5 14. b3 Rd8 15. a3
Nfxe4 16. Ncxe4 Nxe4 17. Qe1 Nc3 18. f4 Nxb1 19. Nxb1 Bf5 20. Nd2 exf4 21. Nf3
Re8 22. Qf2 g5 23. c5 Rad8 24. Bc4 Bd3 25. h4 Bxf1 26. Qxf1 g4 27. Ng1 f3 28.
gxf3 Qg3 0-1

[Event "3.Nord-West-Cup"]
[Site "?"]
[Date "2001.02.01"]
[Round "1"]
[White "Schuenemann, Wilfried"]
[Black "Asendorf, Joachim"]
[Result "0-1"]
[WhiteElo "1729"]
[BlackElo "2268"]
[PlyCount "62"]

1. f4 e5 2. fxe5 d6 3. exd6 Bxd6 4. Nf3 g5 5. g3 g4 6. Nh4 Nc6 7. c3 Be7 8. Ng2
h5 9. d4 h4 10. Bf4 hxg3 11. Bxg3 Bf5 12. Ne3 Be4 13. Bg2 Bxg2 14. Nxg2 Qd5 15.
Rg1 O-O-O 16. Qd3 Qa5 17. Nd2 Nf6 18. e4 Nh5 19. e5 Kb8 20. Qf5 Nxg3 21. hxg3
f6 22. Qxg4 fxe5 23. Nc4 Qb5 24. dxe5 Nxe5 25. Nxe5 Qxe5+ 26. Kf1 Rhg8 27. Qe2
Qxg3 28. Qe3 Rgf8+ 29. Ke2 Qg4+ 30. Ke1 Bg5 31. Nf4 Bh4+ 0-1

[Event "3.Nord-West-Cup"]
[Site "?"]
[Date "2001.02.01"]
[Round "1"]
[White "Zschischang, Gunnar"]
[Black "Glatzel, Hans-Joachim"]
[Result "1-0"]
[WhiteElo "2237"]
[BlackElo "1726"]
[PlyCount "95"]

1. Nc3 Nf6 2. d4 d5 3. Bg5 e6 4. Bxf6 Qxf6 5. e4 dxe4 6. Nxe4 Qe7 7. Qd2 b6 8.
O-O-O Bb7 9. f3 Nd7 10. Bc4 O-O-O 11. Qe2 Nf6 12. Ba6 Nxe4 13. Bxb7+ Kxb7 14.
Qxe4+ c6 15. Nh3 h6 16. Nf4 Qd6 17. c3 Be7 18. Nd3 Qd5 19. Ne5 Rhf8 20. Rhe1
Bf6 21. Qxd5 exd5 22. Re2 Bxe5 23. Rxe5 Rfe8 24. Rde1 Rxe5 25. Rxe5 Rd7 26. Kd2
Kc7 27. Ke3 Kd6 28. Kf4 a5 29. h4 b5 30. h5 a4 31. a3 f6 32. Re8 Rc7 33. Kf5 c5
34. dxc5+ Rxc5 35. Kg6 d4 36. Rd8+ Ke6 37. Rxd4 Rg5+ 38. Kh7 Rxg2 39. Rb4 Rg5
40. f4 Rxh5 41. Kxg7 Rh1 42. Rxb5 h5 43. f5+ Ke7 44. Rb7+ Kd6 45. Kxf6 h4 46.
Rb4 h3 47. Rxa4 h2 48. Rh4 1-0

[Event "3.Nord-West-Cup"]
[Site "?"]
[Date "2001.02.01"]
[Round "1"]
[White "Teixeira, Jose"]
[Black "Issel, Oliver"]
[Result "0-1"]
[WhiteElo "1720"]
[BlackElo "2236"]
[PlyCount "94"]

1. e4 e6 2. d4 d5 3. e5 c5 4. c3 Nc6 5. Nf3 Qb6 6. Be2 cxd4 7. cxd4 Nh6 8. Nc3
Nf5 9. Na4 Bb4+ 10. Bd2 Qa5 11. Bc3 Bd7 12. a3 Bxc3+ 13. Nxc3 Rc8 14. O-O O-O
15. Rc1 Qd8 16. Bb5 Qb6 17. Bxc6 Rxc6 18. Qd2 Rc4 19. Ne2 Bb5 20. Rfe1 Rfc8 21.
Rc3 R4c6 22. Rxc6 Rxc6 23. Nc3 Rc4 24. Ne2 Ba4 25. Rc1 Qc6 26. Rxc4 dxc4 27.
Qa5 h6 28. Nc3 Bc2 29. Qc5 Qxc5 30. dxc5 a6 31. Kf1 Kf8 32. Ke2 Bd3+ 33. Kd2
Bf1 34. g4 Ne7 35. Nd4 Ke8 36. Ne4 Nc8 37. Nd6+ Nxd6 38. cxd6 g5 39. Kc3 Kd7
40. b3 cxb3 41. Nxb3 b6 42. Kd4 Be2 43. a4 Bd1 44. Kc4 Bxb3+ 45. Kxb3 f6 46.
exf6 Kxd6 47. Kc4 Kd7 0-1

[Event "3.Nord-West-Cup"]
[Site "?"]
[Date "2001.02.01"]
[Round "1"]
[White "Schmidt, Harald"]
[Black "Wenke, Heiko"]
[Result "1-0"]
[WhiteElo "2227"]
[BlackElo "1710"]
[PlyCount "61"]

1. Nf3 Nf6 2. c4 c5 3. g3 g6 4. Bg2 Bg7 5. O-O O-O 6. Nc3 Nc6 7. d4 cxd4 8.
Nxd4 Nxd4 9. Qxd4 d6 10. Qd1 Rb8 11. Be3 b6 12. Rc1 Bb7 13. Bd4 Bxg2 14. Kxg2
Qd7 15. b3 Rfc8 16. e4 Qb7 17. Qf3 a6 18. a4 Nd7 19. Bxg7 Kxg7 20. Rfe1 Nc5 21.
Nd5 Qd7 22. e5 dxe5 23. Rxe5 Re8 24. Rxe7 Qxe7 25. Nxe7 Rxe7 26. Rd1 Re6 27. b4
Nxa4 28. Rd7 Rf8 29. Qb3 b5 30. cxb5 axb5 31. Qxe6 1-0

[Event "3.Nord-West-Cup"]
[Site "?"]
[Date "2001.02.01"]
[Round "1"]
[White "Faustmann, Joerg"]
[Black "Leiber, Bernhard"]
[Result "0-1"]
[WhiteElo "1706"]
[BlackElo "2222"]
[PlyCount "44"]

1. e4 c6 2. d4 g6 3. Nf3 Bg7 4. Nc3 d5 5. Bf4 Bg4 6. exd5 cxd5 7. Bxb8 Rxb8 8.
Bb5+ Kf8 9. h3 Bxf3 10. Qxf3 Bxd4 11. Rd1 Qb6 12. O-O Rd8 13. Nxd5 Qc5 14. Nf4
Nf6 15. Ba4 Qf5 16. Rfe1 g5 17. Qxb7 Qxf4 18. Qxe7+ Kg7 19. Rxd4 Rxd4 20. Bb3
Rd7 21. Qc5 Re8 22. Rxe8 Rd1+ 0-1

[Event "3.Nord-West-Cup"]
[Site "?"]
[Date "2001.02.01"]
[Round "1"]
[White "Martschausky, Thomas"]
[Black "Teryan, Arshak"]
[Result "1-0"]
[WhiteElo "2220"]
[BlackElo "1700"]
[PlyCount "71"]

1. e4 c5 2. Nf3 Nc6 3. Bb5 e5 4. Bxc6 dxc6 5. O-O Bd6 6. d3 Nf6 7. Nbd2 b5 8.
Re1 Ba6 9. Nf1 Qe7 10. Ng3 Bc8 11. c3 h6 12. Nf5 Bxf5 13. exf5 O-O 14. Nxe5
Bxe5 15. Bf4 Nd7 16. Bxe5 Nxe5 17. d4 Rad8 18. Rxe5 Qxe5 19. dxe5 Rxd1+ 20.
Rxd1 Re8 21. f4 c4 22. Rd7 a5 23. Kf2 b4 24. Rd4 Rb8 25. Rxc4 bxc3 26. bxc3
Rb2+ 27. Kg3 Rxa2 28. Rxc6 a4 29. e6 fxe6 30. fxe6 Re2 31. Ra6 Kf8 32. f5 Ke7
33. Rxa4 Re3+ 34. Kf4 Rxc3 35. Ra7+ Kf6 36. Rf7# 1-0

[Event "3.Nord-West-Cup"]
[Site "?"]
[Date "2001.02.01"]
[Round "1"]
[White "Lukossek, Thomas"]
[Black "Wittje, Berthold"]
[Result "0-1"]
[WhiteElo "1699"]
[BlackElo "2216"]
[PlyCount "54"]

1. e4 Nf6 2. Nc3 e5 3. Nf3 Nc6 4. Be2 d5 5. exd5 Nxd5 6. Nxd5 Qxd5 7. O-O e4 8.
Ne1 Be6 9. c3 O-O-O 10. Qa4 Bd6 11. d4 exd3 12. Nxd3 Rhe8 13. Be3 Bf5 14. c4
Qe4 15. Ne1 Nd4 16. Bxd4 Qxd4 17. Nf3 Qc5 18. Rfe1 Qb4 19. Qxa7 c6 20. a3 Qxb2
21. Bf1 Rxe1 22. Rxe1 Qxa3 23. Qb6 Bc5 24. Ra1 Qxa1 25. Qxc5 Bd3 26. Nd2 Bxf1
27. Qf5+ Kb8 0-1

[Event "3.Nord-West-Cup"]
[Site "?"]
[Date "2001.02.01"]
[Round "1"]
[White "Schuette, Marc"]
[Black "Carstens, Manfred"]
[Result "1-0"]
[WhiteElo "2209"]
[BlackElo "1689"]
[PlyCount "101"]

1. e4 e5 2. Nf3 Nc6 3. Bb5 a6 4. Ba4 Nf6 5. O-O Bc5 6. c3 d6 7. d3 h6 8. Re1
Bg4 9. h3 Bd7 10. d4 exd4 11. cxd4 Bb4 12. Re2 b5 13. Bc2 O-O 14. a3 Ba5 15.
Qd3 Ne7 16. b4 Bb6 17. d5 Ng6 18. Kh2 Re8 19. Nc3 Ne5 20. Nxe5 dxe5 21. g3 Kh8
22. a4 Qe7 23. Rb1 g5 24. axb5 axb5 25. Nxb5 Rg8 26. Na3 h5 27. Nc4 Bd4 28. Be3
c5 29. b5 Ng4+ 30. hxg4 hxg4 31. Bxd4 cxd4 32. Nb6 Rab8 33. Nxd7 Qxd7 34. f3
Kg7 35. Kg2 Rh8 36. Rf2 gxf3+ 37. Qxf3 Qh3+ 38. Kg1 Rb7 39. Bd3 g4 40. Qg2 Qh6
41. Re1 Rb6 42. Rc2 Rbb8 43. Rc6 f6 44. b6 Ra8 45. Rc7+ Kg6 46. Ra7 Rab8 47. b7
Rh7 48. Ba6 Rbh8 49. Bf1 d3 50. b8=Q d2 51. Rxh7 1-0

[Event "3.Nord-West-Cup"]
[Site "?"]
[Date "2001.02.01"]
[Round "1"]
[White "Heinemann, Ernst"]
[Black "Wind, Michael"]
[Result "1-0"]
[WhiteElo "2198"]
[BlackElo "1678"]
[PlyCount "125"]

1. e4 c6 2. d4 d5 3. Nc3 dxe4 4. Nxe4 Nd7 5. Bc4 Ngf6 6. Ng3 Nb6 7. Bb3 e6 8.
Nf3 c5 9. Qe2 Qc7 10. c3 cxd4 11. Nxd4 Be7 12. O-O O-O 13. Re1 Nbd5 14. Qf3 Re8
15. Bd2 Bd7 16. Rad1 Rad8 17. Bc2 Bc5 18. Bg5 h6 19. Bc1 Bxd4 20. Rxd4 Bc6 21.
Ne4 Nxe4 22. Bxe4 Ne7 23. Bxc6 Qxc6 24. Qd3 Rxd4 25. Qxd4 Qd5 26. Qxd5 Nxd5 27.
Rd1 Kf8 28. c4 Nf6 29. b3 Rc8 30. Bb2 Ke7 31. f3 Rc7 32. Rd2 g6 33. Kf2 Nd7 34.
Ke3 e5 35. Ba3+ Ke8 36. Rd6 Rc6 37. Ke4 f5+ 38. Kd5 Rxd6+ 39. Bxd6 e4 40. fxe4
Nf6+ 41. Ke6 Nxe4 42. Be5 a6 43. b4 h5 44. c5 a5 45. a3 a4 46. Bd4 Nd2 47. b5
Nc4 48. c6 bxc6 49. bxc6 Kd8 50. Kf6 Nxa3 51. Kxg6 Kc7 52. Kxh5 Nc2 53. Bc3
Kxc6 54. Kg5 Kd5 55. h4 Kc4 56. Bb2 Kb3 57. Bc1 Nb4 58. h5 Nd3 59. h6 Nxc1 60.
h7 a3 61. h8=Q a2 62. Qa1 Kc2 63. Kxf5 1-0

[Event "3.Nord-West-Cup"]
[Site "?"]
[Date "2001.02.02"]
[Round "2"]
[White "Kiese, Matthias"]
[Black "Gutman, Lev"]
[Result "0-1"]
[WhiteElo "2199"]
[BlackElo "2547"]
[PlyCount "88"]

1. d4 Nf6 2. c4 g6 3. Nc3 Bg7 4. e4 O-O 5. Nf3 c6 6. Bd3 Na6 7. O-O Nb4 8. Bb1
d6 9. a3 Na6 10. h3 Nc7 11. Be3 d5 12. cxd5 cxd5 13. e5 Nd7 14. Qd2 Nb6 15. Bh6
Nc4 16. Qc1 f6 17. Bxg7 Kxg7 18. b3 Na5 19. Bc2 Nc6 20. Qe3 Ne6 21. Rad1 Na5
22. Nd2 Nc6 23. Nf3 a5 24. Rfe1 f5 25. Ng5 f4 26. Nxe6+ Bxe6 27. Qf3 Rc8 28.
Bb1 h6 29. Na4 b6 30. Rd2 Nb8 31. Nc3 Qd7 32. a4 Nc6 33. Nb5 Nb4 34. Red1 g5
35. Qh5 Bf5 36. Bxf5 Qxf5 37. Qg4 Kg6 38. Qxf5+ Kxf5 39. g4+ Ke6 40. Kg2 h5 41.
Kf3 Rh8 42. gxh5 Rxh5 43. Kg4 Rh4+ 44. Kxg5 Rg8+ 0-1